Rulers of Finland 1250 - 2017 - Statistics

General Stats
  • This quiz has been taken 154 times
  • The average score is 22 of 59
Answer Stats
Answer % Correct
Urho Kekkonen 1956 - 1981
88%
C.G.E. Mannerheim 1944 - 1946
87%
Tarja Halonen 2000 - 2012
84%
Sauli Niinistö 2012 -
82%
Risto Ryti 1940 - 1944
77%
Mauno Koivisto 1982 - 1994
76%
Martti Ahtisaari 1994 - 2000
75%
Alexander I 1809 - 1825
73%
Alexander II 1855 - 1881
73%
Alexander III 1881 - 1894
73%
Juho Kusti Paasikivi 1946 - 1956
72%
Kyösti Kallio 1937 - 1940
72%
Lauri Kristian Relander 1925 - 1931
71%
KJ Ståhlberg 1919 - 1925
70%
Nicholas II 1894 - 1917
70%
Gustav I 1521 - 1560
68%
Gustav II Adolf 1611 - 1632
68%
Gustav III 1771 - 1792
68%
Gustav IV Adolph 1792 - 1809
68%
Per Erik Svinhufvud 1931 - 1937
67%
Nicholas I 1825 - 1855
65%
Eric XIV 1560 - 1568
38%
Charles I 1464 - 1470
37%
Charles I 1448 - 1457
37%
Charles IX 1604 - 1611
37%
Charles X Gustav 1654 - 1660
37%
Charles XI 1660 - 1697
37%
Charles XII 1697 - 1718
37%
Christina 1632 - 1654
29%
Margaret I of Denmark 1389 - 1412
27%
Sigismund 1592 - 1599
25%
Christian II of Sweden 1520 - 1521
24%
Christian I of Sweden 1457 - 1464
24%
Eric I 1357 - 1359
22%
Eric of Pomerania 1412 - 1438
22%
Eric Trolle 1512
22%
Magnus I 1275 - 1284
21%
Magnus II 1359 - 1362
21%
Ulrica Eleanor 1718 - 1720
19%
Birger Jarl and son Valdemar I 1250 - 1275
17%
Birger 1291 - 1302
16%
John I 1497 - 1501
14%
John III 1568 - 1592
13%
Albert, King of Sweden 1364 - 1389
12%
Valdemar II 1302 - 1319
11%
Frederick I 1720 - 1751
10%
Haakon 1362 - 1364
9%
Adolf Frederick 1751 - 1771
6%
Sten Sture the elder 1501 - 1503
5%
Sten Sture the elder 1470 - 1497
5%
Sten Sture the younger 1512 - 1520
5%
Benedict I 1284 - 1291
3%
Benedict II 1353 - 1356
3%
Ingeborg Eriksdottir of Norway 1319 - 1353
3%
Svante Nilsson 1504 - 1511
3%
Carl Knutsson Bonde 1438 - 1440
2%
Christopher of Bavaria 1441 - 1448
2%
Bengt and N J Oxenstierna 1448
1%
J B Oxenstierna and E A Tott 1457
1%
No matching quizzes found
Score Distribution
Percent of People with Each Score
Percentile by Number Answered
Your Score History
You have not taken this quiz